• 首页
  • 本馆介绍
  • 公告通知
  • 最新文献
  • 馆藏检索
  • 电子资源
  • 读者导购
  • 参考咨询
  • 我的图书馆
  • 登录
  • 详细信息显示
  • 放入我的书架
  • 预约/预借图书
  • 作者相关作品
  • 分类相关作品
  • 丛书相关作品
  • 出版社相关作品

书目信息

  • 表格格式
  • 工作单格式
  • 卡片格式
题名:
复杂时间序列预测技术研究
    
 
作者: 汤铃 著
分册:  
出版信息: 北京   科学出版社  2016.5
页数: 11,181页
开本: 24cm
丛书名: 商务智能与大数据丛书
单 册:
中图分类: O211.61
科图分类:
主题词: 时间序列分析--预测技术--研究
电子资源:
ISBN: 978-7-03-047636-4
000 01325nam 2200289 450
001 0400001161
005 20171015160249.0
010    @a978-7-03-047636-4@dCNY68.00
100    @a20160621d2016 em y0chiy50 ea
101 0  @achi
102    @aCN@b110000
105    @ay z 000yy
106    @ar
200 1  @a复杂时间序列预测技术研究@9fu za shi jian xu lie yu ce ji shu yan jiu@e数据特征驱动分解集成方法论@f汤铃 ... [等]著
210    @a北京@c科学出版社@d2016.5
215    @a11,181页@d24cm
225 2  @a商务智能与大数据丛书
304    @a著者还有:余安乐、李建平、汪寿阳
320    @a有书目(第169-181页)
330    @a本书将新思想与复杂系统前沿分析技术“先分解后集成”思想相结合,提出了一个新的复杂时序预测方法论——“数据特征驱动分解集成方法论”。“数据特征驱动分解集成方法论“以基于”先分解后集成”思想的分解集成模型为分析框架,包括时序分解、模态预测与集成预测3个主要步骤;并以“数据特征驱动”思想为建模依据,试图紧扣研究样本的数据特征,设计相应的分技术——时序分解技术、模态预测技术与集成预测技术。
410  0 @12001 @a商务智能与大数据丛书
517 1  @a数据特征驱动分解集成方法论@9shu ju te zheng qu dong fen jie ji cheng fang fa lun
606 0  @a时间序列分析@x预测技术@x研究
690    @aO211.61@v5
701  0 @a汤铃@9tang ling@4著
801  0 @aCN@b91MARC@c20171015
905    @b1020196-200@dO211.61@f5@e368
    
    复杂时间序列预测技术研究:数据特征驱动分解集成方法论/汤铃 ... [等]著.-北京:科学出版社,2016.5
    11,181页;24cm.-(商务智能与大数据丛书)
    
    
    ISBN 978-7-03-047636-4:CNY68.00
    本书将新思想与复杂系统前沿分析技术“先分解后集成”思想相结合,提出了一个新的复杂时序预测方法论——“数据特征驱动分解集成方法论”。“数据特征驱动分解集成方法论“以基于”先分解后集成”思想的分解集成模型为分析框架,包括时序分解、模态预测与集成预测3个主要步骤;并以“数据特征驱动”思想为建模依据,试图紧扣研究样本的数据特征,设计相应的分技术——时序分解技术、模态预测技术与集成预测技术。
●
相关链接 在E读中查询图书 在五车中查询图书 在当当中查询图书 在豆瓣中查询图书


正题名:复杂时间序列预测技术研究     索取号:O211.61/368         预约/预借

序号 登录号 条形码 馆藏地/架位号 状态 备注
1 1020196   210201967   第二样本阅览室/ [索取号:O211.61/368] 在馆    
2 1020197   210201976   密集书库-数信学院/ [索取号:O211.61/368] 在馆    
3 1020198   210201985   第三借阅区/ [索取号:O211.61/368] 在馆    
4 1020199   210201994   第三借阅区/ [索取号:O211.61/368] 在馆    
5 1020200   210202001   第三借阅区/ [索取号:O211.61/368] 在馆    
唐山师范学院图书馆 欢迎您!
大连网信软件有限公司© 版权所有